000 00422nam a2200169 a 4500
001 0000-9027
003 ELIB.Books
008 110520 1972
035 _a(ELIB.Books)0000-9176
082 _aFic
_bHol
100 _aHolmes, Marjorie
245 _aTwo From Galilee
260 _bNew York: Guideposts Associates, INC.
_c1972
650 _aFiction
942 _2ddc
_cBK
998 _cbat
_e2011-05-20
999 _c9027
_d9027